000
00273nam a2200109Ia 4500
008
171211s9999 xx 000 0 und d
245
_a
Yoga Cures
245
_c
Tara Stiles
260
_c
2012
650
_x
HEALTH
856
_u
http://down.ebook777.com/016/978-0307954855.pdf
999
_c
348394
_d
348394